Statistics for NFL Teams that Have Never Won a Super Bowl

Click here to take the quiz!

General Stats

  • This quiz has been taken 11,999 times
    (8,817 since last reset)
  • The average score is 8 of 12

Answer Stats

Losses Team % Correct
noneCleveland Browns
82%
noneHouston Texans
79%
1990, 1991, 1992, 1993Buffalo Bills
78%
noneJacksonville Jaguars
73%
1994Los Angeles Chargers
71%
noneDetroit Lions
70%
1999Tennessee Titans
68%
1969, 1973, 1974, 1976Minnesota Vikings
68%
1981, 1988Cincinnati Bengals
66%
2003, 2015Carolina Panthers
65%
2008Arizona Cardinals
64%
1998, 2016Atlanta Falcons
61%

Score Distribution

Percentile by Number Answered

Percent of People with Each Score

Your Score History

You have not taken this quiz since the last reset